| 000 | 00899cam a2200205 4500 | ||
|---|---|---|---|
| 001 | WB3937-22 | ||
| 008 | 031002n2003 000 0 eng u | ||
| 035 | _a(Sirsi) u123814 | ||
| 245 | _aScottish Nature Conservation Bill | ||
| 260 | _c2003 | ||
| 490 |
_aScottish Executive News Release _v(SEen639/2003) 30 September 2003 (2) |
||
| 520 | _aThe Scottish Executive has announced a comprehensive framework of measures for the enhanced protection of Scotland's natural environment. The Bill will strengthen support for the diversity of flora and fauna. The Bill will be available from the Stationery Office at http://www.hmso.gov.uk. http://www.scotland.gov.uk/pages/news/2003/09/SEen639.aspx | ||
| 590 | _aWB | ||
| 650 | _aSCOTLAND | ||
| 650 | _aNATURE CONSERVATION BILL | ||
| 650 | _aWILDLIFE CRIME | ||
| 650 | _aSITES OF SPECIAL SCIENTIFIC INTEREST | ||
| 690 |
_aRural _96268 |
||
| 942 | _n0 | ||
| 999 |
_c73532 _d73532 |
||